| 000 | 01283nam a22002297a 4500 | ||
|---|---|---|---|
| 001 | 8719 | ||
| 003 | FISKH | ||
| 005 | 20251014083000.0 | ||
| 008 | 251014b cb ||||| |||| 00| 0 eng d | ||
| 020 | _a9781107656833 | ||
| 040 |
_aFISKH _beng _cFISKH _dFISKH |
||
| 082 | _a372.7 | ||
| 100 | _aMoseley, Cherri | ||
| 245 |
_aCambridge primary mathematics teacher’s resource / _cCherri Moseley and Janet Rees |
||
| 260 |
_aNew York : _bCambridge University Press, _c2014. |
||
| 300 |
_a276 pages : _bcolor illustrations ; _c21 x 28 cm |
||
| 520 | _aThe Cambridge Primary Mathematics Teacher’s Resource is designed to support teachers using the Cambridge Primary Mathematics curriculum. It offers practical guidance, teaching strategies, lesson plans, and assessment ideas to help educators deliver engaging, concept-based mathematics lessons. The resource aligns with Cambridge standards and emphasizes problem-solving, reasoning, and application of mathematical concepts in real-life contexts. It also includes differentiation tips for mixed-ability classrooms and links to learner’s books and activity books. | ||
| 650 |
_aMathematics _vCambridge Curriculum _xTeacher Resource _yPrimary Education |
||
| 700 |
_aRees, Janet _eAuthor |
||
| 942 |
_2ddc _cBK _n0 |
||
| 999 |
_c8719 _d8719 |
||